01016nam a2200265 a 450000500170000000800410001701000140005802000260007203500130009803700150011104000180012608200110014410000210015524500660017625000130024226000390025527000620029430000280035650001180038465000180050265000440052094200250056499900170058995201440060620090525152648.0070816s2008 nyua b 001 0 eng  aENG-93715 a9788188449644c150.00 aEN-77248 bDBAD / PUB adplbEnglish  a615.11 aVidya Sagar. G.  aGate pharmacy:cby G. Vidya Sagar bsolved papers 1988-2008 / a2nd ed.  aHyderabad bPharmaMed Press c2008 a4-4-316, Giriraj Lane, Sultan Bazar, bHyderabad e500095 axvi, 285p. c23cm(pbk)  aFor GATE-Pharmacy, Pharmacy recruitment test, Railway and hospital pharmacists and other competitive examinations 2GATE-Pharmacy 2PharmacyxExaminations, questions, etc. 2ddccENmVIDh615.11 c26777d26777 00102ddc40718NFICaDBADbDBADd2009-05-25eDBAD / PUBg150.00l0o615.11 VIDpEN-77248r2009-05-25 00:00:00t1v150.00w2009-05-25yEN